000 00949nam a2200253Ia 4500
003 OSt
005 20220103153843.0
008 210310s1977 ag fr 000 0 spa d
040 _aCO-JMCR
_cCO-JMCR
041 1 _aspa
_heng
082 0 4 _a338.9001 /
_bK968e
_223
100 1 _aKurihara, Kenneth K.,
_918146
_eautor
245 1 0 _aEnsayos de economía macrodinámica /
_cKenneth K. Kurihara ; [traducción de Eduardo L. Suárez]
250 _aPrimera edición
260 _aBuenos Aires :
_bFondo de Cultura Económica,
_c1977
300 _a188 páginas ;
_c21 cm.
490 0 _aSección de Obras de Economía
500 _aTítulo original: Essays in macro-dynamics economics
505 0 _aLa dinámica Keynesiana en perspectiva -- Análisis y política macroeconómica
546 _aTraducido del inglés.
650 1 4 _aEconomía
_918148
_xEnsayos, conferencias, etc.
700 1 _aSuárez, Eduardo L.,
_etraductor
_94465
942 _2ddc
_cBK
999 _c8739
_d8739